000 00581nam a22001817a 4500
003 BD-DhUL
005 20180524123817.0
008 180522s1970 bg ||||| |||| 00| 0 ben d
040 _aBD-DhUL
_cBD-DhUL
082 _a891.443
_bSAA
100 1 _aসেন, সত্যেন
245 0 0 _aঅপরাজেয় /
_cসত্যেন সেন
260 _aঢাকা :
_bস্বদেশ,
_c১৯৭০।
300 _a২৪৯ পৃ. ;
_c২২ সেমি.।
650 4 _aবাংলা উপন্যাস
650 4 _aBengali fiction
942 _2ddc
_cBK
999 _c241568
_d241568